000 00587nam a2200205Ia 4500
001 7369
003 GE_BSU
008 181216s||||||||xx |||||||||||||| ||und||
040 _cGE_BSU
080 _a691.003
100 _aГончаров,В.В.
245 _aГидротехнические бетоны.
245 _cРед. Л.И.Шитова.
260 _aКиев.
260 _bБудiвельник.
260 _c1978.
300 _a152стр. с илл. 20см. библиогр.:стр.149-150.
653 _aГидротехнические бетоны.
942 _cBK
999 _c40730
_d40730